| 000 | 01218nam a22002537a 4500 | ||
|---|---|---|---|
| 005 | 20240530110544.0 | ||
| 008 | 141207s2012 ua a g b 000 0 ara d | ||
| 017 |
_a6534 _bمصر . دار الكتب المصرية |
||
| 040 | _aEG-CaGPL | ||
| 082 | 0 | 4 |
_a020\ _bا ا _221 |
| 245 | 0 | 2 |
_aالاتجاهات الحديثة فى المكتبات والمعلومات : _bكتاب دورى يصدر مؤقتا مرتين فى السنة. _nالمجلد التاسع عشر، العدد السابع والثلاثون (2012) / _cرئيس التحرير اسامة السيد محمود. |
| 260 |
_aالقاهرة : _bالمكتبة الاكاديمية، _c2012. |
||
| 300 |
_a362 ص. : _bايض ؛ _c26 سم |
||
| 504 | _aيشتمل على ارجاعات ببليوجرافية. | ||
| 650 | 0 | 4 |
_aالمكتبات _xعلم |
| 650 | 0 | 4 |
_aالمعلومات _xعلم |
| 650 | 0 | 4 |
_aالخدمة المكتبية _xعلم |
| 650 | 0 | 4 | _aشبكات المكتبات والمعلومات |
| 650 | 0 | 4 |
_aالمكتبات _xبرامج الحاسبات |
| 650 | 0 | 4 |
_aالمكتبات _xفهارس |
| 650 | 0 | 4 | _aنظم المعلومات |
| 700 | 0 |
_aاسامة السيد محمود، _eرئيس التحرير. |
|
| 942 |
_2ddc _cBK |
||
| 999 |
_c62314 _d62314 |
||